Komentár k vyhláške Ministerstva financií Slovenskej republiky č. 2/1999 Z.z. ...

Komentár k vyhláške Ministerstva financií SR č. 2/1999 Z.z. k oslobodeniu tovaru od dovozného cla. Zámerom vydania novely doteraz platnej vyhlášky MF SR č. 17/1994 Z.z. o oslobodení tovaru od dovozného cla je úprava limitu, čiže hodnoty zásielky.

Guardado en:
Detalles Bibliográficos
Formato: Capítulo de libro
Lenguaje:eslovaco
Materias:
Etiquetas: Agregar Etiqueta
Sin Etiquetas, Sea el primero en etiquetar este registro!

MARC

LEADER 00000naa a2200000 4500
001 r034658
005 20230926080828.9
041 0 |a slo 
044 |a SK 
245 1 0 |a Komentár k vyhláške Ministerstva financií Slovenskej republiky č. 2/1999 Z.z. ... 
520 |a Komentár k vyhláške Ministerstva financií SR č. 2/1999 Z.z. k oslobodeniu tovaru od dovozného cla. Zámerom vydania novely doteraz platnej vyhlášky MF SR č. 17/1994 Z.z. o oslobodení tovaru od dovozného cla je úprava limitu, čiže hodnoty zásielky. 
610 2 0 |a clá dovozné 
610 2 0 |a limity 
610 2 0 |a clá 
610 2 0 |a vyhlášky 
610 2 0 |a MF SR Bratislava 
610 2 0 |a 1999 
610 2 0 |a komentáre